Colección de proclamas y arengas del Excelentísimo Señor General Don Francisco Franco / (Record no. 65344)

MARC details
000 -LEADER
campo de control de longitud fija 00621nam a2200181 i 4500
001 - NÚMERO DE CONTROL
campo de control 65344
003 - IDENTIFICADOR DE NÚMERO DE CONTROL
campo de control ES-MaACL
005 - FECHA Y HORA DE LA ÚLTIMA TRANSACCIÓN
campo de control 20240221063027.0
007 - CAMPO FIJO DE DESCRIPCIÓN FÍSICA--INFORMACIÓN GENERAL
campo de control de longitud fija t|
008 - DATOS DE LONGITUD FIJA--INFORMACIÓN GENERAL
campo de control de longitud fija 040112s1947 sp ||||1| spa d
100 1# - ENTRADA PRINCIPAL--NOMBRE DE PERSONA
Nombre de persona Franco Bahamonde, Francisco,
Fechas asociadas al nombre 1892-1975
9 (RLIN) 52240
245 10 - MENCIÓN DEL TÍTULO
Título Colección de proclamas y arengas del Excelentísimo Señor General Don Francisco Franco /
Mención de responsabilidad, etc. por José Emilio Díez.
260 ## - PUBLICACIÓN, DISTRIBUCIÓN, ETC.
Lugar de publicación, distribución, etc. Sevilla :
Nombre del editor, distribuidor, etc. [s.n.,
Fecha de publicación, distribución, etc. 1947] (
Fabricante M. Carmona)
300 ## - DESCRIPCIÓN FÍSICA
Extensión 264 p. :
Otras características físicas ret. aut. ;
Dimensiones 22 cm.
700 1# - ENTRADA AGREGADA--NOMBRE PERSONAL
Nombre de persona Díez, José Emilio.
9 (RLIN) 44653
852 ## - LOCALIZACIÓN
Ubicación ES-MaACL
Número de control de estantería C-5402
Sublocalización o colección R.25693
Holdings
Estatus retirado Estado de pérdida Estado de daño No para préstamo Biblioteca de origen Biblioteca actual Ubicación en estantería Fecha de adquisición Fuente de adquisición Total de préstamos Signatura topográfica completa Código de barras Visto por última vez Precio de reemplazo Tipo de ítem Koha
        Biblioteca del Ateneo de Madrid Biblioteca del Ateneo de Madrid Sala Palomar 17/01/2008     C-5402 1068460 23/02/2023 23/02/2023 Libro impreso